000 00607nam a22002051i 4500
001 182953
003 ES-MaACL
005 20250912063056.0
008 140107s1973 sp |||| | cat d
020 _a84-264-2852-5
080 _a849.9-147"19"
100 1 _aBarbat, Enric,
_d1943-
_9154066
245 1 0 _aCanços de la p... vida /
_cEnric Barbat.
260 _aBarcelona :
_bLumen,
_c1973.
300 _a92 p., 2 h. :
_blám., grab. ;
_c18 cm.
490 1 _aParaula Menor ;
_vv. 2
830 0 _aParaula Menor ;
_vv. 2
_9224909
852 _aES-MaACL
_jC-52577
999 _c182953
_d182953